| 000 | 00346nam a2200133Ia 4500 | ||
|---|---|---|---|
| 008 | 240624s9999 xx 000 0 und d | ||
| 041 | _aeng | ||
| 082 | _a658.5 MAR | ||
| 100 | _aMARKIDES CONSTANTINOS C | ||
| 245 | _aFAST SECOND HOW SMART COMPANIES BYPASS R | ||
| 260 |
_c2004 _aSan Francisco _bJossey-Bass |
||
| 300 | _a208 : p. | ||
| 365 |
_c _b27 |
||
| 999 |
_c15359 _d15359 |
||